[Event "4NCL Division 1b"]
[Site "Daventry, ENG"]
[Date "2020.02.29"]
[Round "1.88"]
[White "Freeman, Gordon"]
[Black "Bridgeman, Niamh"]
[Result "1-0"]
[WhiteElo "2088"]
[BlackElo "1665"]
[PlyCount "113"]
[EventDate "2020.02.29"]
[WhiteTeam "Gonzaga"]
[BlackTeam "Barbican 4NCL 2"]

1. d4 e6 2. e4 d5 3. exd5 exd5 4. Nf3 Bd6 5. Bd3 c6 6. Nc3 Ne7 7. Be3 O-O 8.
Qd2 Bf5 9. O-O-O Nd7 10. Nh4 Bxd3 11. Qxd3 Nf6 12. Bg5 Ng6 13. Qf3 Nxh4 14.
Bxh4 Be7 15. Rhe1 Re8 16. Re3 Nd7 17. Rde1 Bg5 18. Bxg5 Qxg5 19. Kb1 Kf8 20. a3
Rxe3 21. Rxe3 Re8 22. Qh3 Rxe3 23. fxe3 Ke7 24. e4 dxe4 25. Nxe4 Qf4 26. Ng3 g6
27. d5 cxd5 28. Qxh7 Nf6 29. Qh8 Ne4 30. Qc8 Nd6 31. Qc5 Qd2 32. Qxa7 Qd1+ 33.
Ka2 Qxc2 34. Qe3+ Kf8 35. Qe2 Qc4+ 36. Kb1 Qxe2 37. Nxe2 Ke7 38. Kc2 Nc4 39.
Kc3 Kd6 40. g3 Ke5 41. a4 Ke4 42. b3 Ne5 43. Nd4 g5 44. h4 gxh4 45. gxh4 f5 46.
h5 Ng4 47. a5 f4 48. b4 Ke5 49. b5 Kd6 50. Kb4 Nf6 51. h6 Nh7 52. a6 bxa6 53.
bxa6 Kc7 54. Kc5 Nf6 55. Ne6+ Kb8 56. h7 Nxh7 57. Kb6 1-0

[Event "4NCL Division 1b"]
[Site "Daventry, ENG"]
[Date "2020.03.01"]
[Round "2.51"]
[White "Roberson, Peter T"]
[Black "Parligras, Mircea-Emilian"]
[Result "1/2-1/2"]
[WhiteElo "2437"]
[BlackElo "2605"]
[PlyCount "30"]
[EventDate "2020.03.01"]
[WhiteTeam "Grantham Sharks 1"]
[BlackTeam "Chess.com Manx Liberty 1"]

1. e4 c5 2. c3 Nf6 3. e5 Nd5 4. Bc4 Nb6 5. Bb3 d5 6. exd6 Qxd6 7. Na3 Nc6 8.
Nf3 Be6 9. d4 Bxb3 10. Qxb3 cxd4 11. Nb5 Qd7 12. Bf4 Na5 13. Qb4 Nc6 14. Qb3
Na5 15. Qb4 Nc6 1/2-1/2

[Event "4NCL Division 1b"]
[Site "Daventry, ENG"]
[Date "2020.03.01"]
[Round "2.52"]
[White "Tari, Aryan"]
[Black "Rendle, Thomas E"]
[Result "1-0"]
[WhiteElo "2629"]
[BlackElo "2361"]
[PlyCount "67"]
[EventDate "2020.03.01"]
[WhiteTeam "Chess.com Manx Liberty 1"]
[BlackTeam "Grantham Sharks 1"]

1. e4 e6 2. d4 d5 3. Nc3 Nc6 4. e5 f6 5. Bb5 Qd7 6. Nf3 a6 7. Bxc6 Qxc6 8. O-O
Bd7 9. Re1 O-O-O 10. Ne2 h6 11. b3 f5 12. Qd3 Be8 13. c4 dxc4 14. bxc4 Bc5 15.
Qb3 Ba7 16. Be3 Qa4 17. Qxa4 Bxa4 18. Nf4 Bd7 19. Ng6 Rh7 20. Rad1 Ba4 21. Rd2
Bb6 22. Rc1 Ba5 23. Rd3 b5 24. Nf4 Re8 25. d5 exd5 26. cxd5 g5 27. Ne6 f4 28.
Bd2 Bb6 29. h3 Kb7 30. Nc5+ Bxc5 31. Rxc5 Rd7 32. Ba5 Ne7 33. e6 Rxd5 34. Rxc7+
1-0

[Event "4NCL Division 1b"]
[Site "Daventry, ENG"]
[Date "2020.03.01"]
[Round "2.53"]
[White "Dorrington, Chris J"]
[Black "Lupulescu, Constantin"]
[Result "0-1"]
[WhiteElo "2317"]
[BlackElo "2653"]
[PlyCount "76"]
[EventDate "2020.03.01"]
[WhiteTeam "Grantham Sharks 1"]
[BlackTeam "Chess.com Manx Liberty 1"]

1. Nf3 d5 2. d4 Nf6 3. c4 e6 4. Nc3 Nbd7 5. Bg5 c6 6. e3 Qa5 7. Nd2 dxc4 8.
Bxf6 Nxf6 9. Nxc4 Qc7 10. Be2 Be7 11. O-O O-O 12. Rc1 Rd8 13. Qb3 Bd7 14. Bf3
Be8 15. Rfd1 Rac8 16. Ne4 Nxe4 17. Bxe4 b6 18. Qc2 g6 19. a3 c5 20. dxc5 Rxd1+
21. Qxd1 Qxc5 22. Bb7 Rc7 23. Bf3 a5 24. a4 Qb4 25. b3 b5 26. axb5 Bxb5 27. Nd2
Rd7 28. Rc2 a4 29. Qc1 a3 30. h3 Bd3 31. Ra2 Ra7 32. Bd1 Bf6 33. Bc2 Rc7 34.
Qd1 Rxc2 35. Rxc2 Bxc2 36. Qxc2 Qc3 37. Qa2 Qb2 38. Qxb2 Bxb2 0-1

[Event "4NCL Division 1b"]
[Site "Daventry, ENG"]
[Date "2020.03.01"]
[Round "2.54"]
[White "Erdos, Viktor"]
[Black "Makkar, Rajat"]
[Result "1/2-1/2"]
[WhiteElo "2624"]
[BlackElo "2179"]
[PlyCount "122"]
[EventDate "2020.03.01"]
[WhiteTeam "Chess.com Manx Liberty 1"]
[BlackTeam "Grantham Sharks 1"]

1. d4 d5 2. Nf3 Nf6 3. c4 c6 4. e3 e6 5. Bd3 Bd6 6. Nc3 dxc4 7. Bxc4 b5 8. Be2
Nbd7 9. e4 b4 10. e5 bxc3 11. exd6 cxb2 12. Bxb2 Ba6 13. O-O Bxe2 14. Qxe2 O-O
15. Ne5 Qb6 16. Rac1 Rfc8 17. Rc2 Qb4 18. Qa6 Qxd6 19. Ba3 Qc7 20. Rxc6 Qd8 21.
Rfc1 Rcb8 22. Rxe6 Nxe5 23. Rxe5 Qxd4 24. Re2 h6 25. h3 Qb6 26. Qa4 Rc8 27.
Rce1 Qc6 28. Qa5 Qd5 29. Qa6 Qc6 30. Qa5 Qd5 31. Qa4 Qc6 32. Qf4 Re8 33. Bb2
Rxe2 34. Rxe2 a6 35. Rd2 Qe4 36. Qd6 Re8 37. Bxf6 gxf6 38. Kh2 Qe5+ 39. f4 Qxd6
40. Rxd6 Re6 41. Rxe6 fxe6 42. Kg3 Kf7 43. Kf3 Kg6 44. Ke4 h5 45. f5+ exf5+ 46.
Kf4 a5 47. h4 a4 48. a3 Kg7 49. Kxf5 Kf7 50. g3 Kg7 51. Ke6 Kg6 52. Ke7 Kg7 53.
Ke8 Kg6 54. Ke7 Kg7 55. Kd6 Kg6 56. Ke6 Kg7 57. Kf5 Kf7 58. Kf4 Kg7 59. Kf5 Kf7
60. g4 hxg4 61. Kxg4 Kg6 1/2-1/2

[Event "4NCL Division 1b"]
[Site "Daventry, ENG"]
[Date "2020.03.01"]
[Round "2.55"]
[White "Holland, James P"]
[Black "Galyas, Miklos"]
[Result "0-1"]
[WhiteElo "2220"]
[BlackElo "2476"]
[PlyCount "72"]
[EventDate "2020.03.01"]
[WhiteTeam "Grantham Sharks 1"]
[BlackTeam "Chess.com Manx Liberty 1"]

1. e4 d6 2. d4 g6 3. Nc3 c6 4. Bc4 Bg7 5. Nf3 Nf6 6. Qe2 O-O 7. a4 Bg4 8. O-O
Nbd7 9. Rd1 Qc7 10. h3 Bxf3 11. Qxf3 a6 12. a5 c5 13. dxc5 Qxc5 14. Bb3 Rac8
15. Be3 Qc7 16. Bd4 e6 17. Qg3 Nh5 18. Qe3 Be5 19. g3 Rfd8 20. f4 Bxd4 21. Rxd4
Nc5 22. Ba2 b5 23. Rad1 Nb7 24. f5 Ng7 25. g4 Nxa5 26. fxe6 fxe6 27. e5 d5 28.
Bxd5 exd5 29. Nxd5 Rxd5 30. Rxd5 Nc4 31. Qg5 Ne6 32. Qf6 Qb6+ 33. Kh1 Qc6 34.
Qf3 Rf8 35. Qe4 Ng5 36. Qd4 Nb6 0-1

[Event "4NCL Division 1b"]
[Site "Daventry, ENG"]
[Date "2020.03.01"]
[Round "2.56"]
[White "Bulmaga, Irina"]
[Black "Dong, Bao Nghia"]
[Result "1/2-1/2"]
[WhiteElo "2453"]
[BlackElo "2209"]
[PlyCount "102"]
[EventDate "2020.03.01"]
[WhiteTeam "Chess.com Manx Liberty 1"]
[BlackTeam "Grantham Sharks 1"]

1. e4 e6 2. d4 d5 3. Nc3 dxe4 4. Nxe4 Bd7 5. Nf3 Bc6 6. Bd3 Nd7 7. Qe2 h6 8.
Bd2 Ngf6 9. Nxf6+ Qxf6 10. Be4 Bxe4 11. Qxe4 c6 12. O-O-O O-O-O 13. Ba5 Nb6 14.
c4 Bd6 15. Kb1 Bc7 16. Bxb6 axb6 17. Rd3 Rhe8 18. Rhd1 Qf4 19. Qxf4 Bxf4 20.
Kc2 Kc7 21. g3 Bd6 22. Ne5 f6 23. Nf7 Rd7 24. Nxd6 Rxd6 25. h4 Ra8 26. a3 Ra4
27. Rc3 Kd7 28. b4 b5 29. Kb3 Ra6 30. cxb5 cxb5 31. Rc5 Rd5 32. Rdc1 Rxd4 33.
R1c3 Rc6 34. Rxb5 b6 35. a4 Rd1 36. a5 bxa5 37. Rxa5 Rb1+ 38. Kc2 Rf1 39. Ra7+
Kd6 40. Rxc6+ Kxc6 41. Rxg7 Rxf2+ 42. Kd3 Kd5 43. Ke3 Rb2 44. Rg6 Rb3+ 45. Kf2
f5 46. Rxh6 Rxb4 47. Rf6 Rb2+ 48. Ke3 Rb3+ 49. Kf2 Rb2+ 50. Ke3 Rb3+ 51. Kf2
Rb2+ 1/2-1/2

[Event "4NCL Division 1b"]
[Site "Daventry, ENG"]
[Date "2020.03.01"]
[Round "2.57"]
[White "Foisor, Mihaela-Veronica"]
[Black "Cyborowski, Lukasz"]
[Result "0-1"]
[WhiteElo "2211"]
[BlackElo "2502"]
[PlyCount "102"]
[EventDate "2020.03.01"]
[WhiteTeam "Grantham Sharks 1"]
[BlackTeam "Chess.com Manx Liberty 1"]

1. c4 g6 2. g3 Bg7 3. Bg2 d6 4. Nc3 Nf6 5. e4 e5 6. d3 O-O 7. Nge2 Be6 8. O-O
Qd7 9. f4 c6 10. Kh1 Na6 11. Be3 Nc7 12. Qd2 Ng4 13. Bg1 f5 14. Rad1 Nf6 15. b3
exf4 16. Nxf4 fxe4 17. Nxe4 Nxe4 18. Bxe4 Bg4 19. Rde1 Ne6 20. Nxe6 Rxf1 21.
Rxf1 Bxe6 22. Bg2 a6 23. Qg5 Bf5 24. d4 Re8 25. Qd2 Qe7 26. d5 c5 27. Bf3 Bh3
28. Bg2 Bxg2+ 29. Qxg2 b5 30. h3 bxc4 31. bxc4 Qe2 32. Qxe2 Rxe2 33. Rf2 Re1
34. Kg2 Rc1 35. Rf4 Rc2+ 36. Kf3 Rxa2 37. Re4 Ra3+ 38. Kg2 Ra2+ 39. Kf3 Ra3+
40. Kg2 Kf7 41. Be3 Be5 42. g4 Kf6 43. g5+ Kf5 44. Kf3 Bd4 45. Rf4+ Kxg5 46.
Rxd4+ Rxe3+ 47. Kxe3 cxd4+ 48. Kxd4 Kf6 49. c5 dxc5+ 50. Kxc5 Ke7 51. Kc6 Kd8
0-1

[Event "4NCL Division 1b"]
[Site "Daventry, ENG"]
[Date "2020.03.01"]
[Round "2.61"]
[White "Arkell, Keith C"]
[Black "Derakhshani, Borna"]
[Result "0-1"]
[WhiteElo "2454"]
[BlackElo "2354"]
[PlyCount "124"]
[EventDate "2020.03.01"]
[WhiteTeam "Cheddleton"]
[BlackTeam "Wood Green Monarchs"]

1. d4 Nf6 2. Nf3 d5 3. c4 c6 4. Qc2 g6 5. Bf4 Bg7 6. e3 O-O 7. Nc3 Qa5 8. Be2
dxc4 9. Bxc4 b5 10. Bb3 c5 11. dxc5 Bf5 12. Qe2 Ne4 13. O-O Nxc5 14. e4 Bd7 15.
Nd5 Nc6 16. Qe3 Nxb3 17. axb3 Qd8 18. Bh6 e6 19. Bxg7 Kxg7 20. Qc3+ f6 21. Nb4
Nxb4 22. Qxb4 a5 23. Qd6 e5 24. h3 Be8 25. Qxd8 Rxd8 26. Rxa5 Rd3 27. Rc1 Rxb3
28. Rc2 Bf7 29. Ra7 Kg8 30. Nd2 Rb4 31. f3 Rd4 32. Kf2 Rfd8 33. Ke3 b4 34. Nf1
Bc4 35. Kf2 f5 36. exf5 gxf5 37. b3 Bxb3 38. Rcc7 f4 39. Re7 Rd1 40. Rac7 Ra1
41. Rxe5 Bf7 42. Rf5 Ra2+ 43. Kg1 Bg6 44. Rxf4 Rb8 45. Rfc4 b3 46. Rc8+ Rxc8
47. Rxc8+ Kf7 48. Rb8 b2 49. Nd2 Ra1+ 50. Kf2 b1=Q 51. Nxb1 Rxb1 52. Rxb1 Bxb1
53. Ke3 Kf6 54. Kf4 Bd3 55. h4 Bf1 56. g4 Bd3 57. h5 Bc2 58. Kg3 Ke5 59. f4+
Ke4 60. f5 Ke5 61. Kf3 Kf6 62. Kf4 h6 0-1

[Event "4NCL Division 1b"]
[Site "Daventry, ENG"]
[Date "2020.03.01"]
[Round "2.62"]
[White "Willow, Jonah B"]
[Black "Beerdsen, Thomas"]
[Result "1-0"]
[WhiteElo "2377"]
[BlackElo "2497"]
[PlyCount "129"]
[EventDate "2020.03.01"]
[WhiteTeam "Wood Green Monarchs"]
[BlackTeam "Cheddleton"]

1. e4 c5 2. Nf3 e6 3. d4 cxd4 4. Nxd4 Nc6 5. Nc3 Qc7 6. Qd3 Nf6 7. Ndb5 Qb8 8.
Qg3 d6 9. Be3 a6 10. Nd4 Qc7 11. f4 h5 12. Be2 Bd7 13. O-O Be7 14. Nb3 Rc8 15.
Rae1 b5 16. a3 Qb8 17. Bf3 Kf8 18. Kh1 h4 19. Qf2 Be8 20. Bc1 Bd8 21. Ne2 b4
22. Ned4 Kg8 23. Nxc6 Bxc6 24. Nd4 Ba8 25. axb4 Qxb4 26. c3 Qb6 27. e5 Nd5 28.
f5 dxe5 29. fxe6 Bf6 30. exf7+ Kf8 31. Bg4 Rb8 32. Ne6+ Kxf7 33. Ng5+ Kg8 34.
Be6+ Kf8 35. Qf5 h3 36. Nxh3 Ke7 37. Ng5 Qd6 38. Qg6 Rbf8 39. c4 Rh6 40. Qf5
Nc7 41. Rd1 Rfh8 42. h3 Rxh3+ 43. Nxh3 Qxe6 44. Kg1 Qc6 45. Rf2 Ne6 46. b3 Nd4
47. Ba3+ Ke8 48. Qg6+ Kd8 49. Ng5 Kc8 50. Nf7 Rh4 51. Nd6+ Kb8 52. Nf5 Re4 53.
Nxg7 Bh4 54. Rf8+ Ka7 55. Qxc6 Ne2+ 56. Kh1 Bxc6 57. Bc5+ Kb7 58. Nf5 Rg4 59.
Rf7+ Kb8 60. Ne3 Rg3 61. Rf8+ Kb7 62. Rf7+ Kb8 63. Nd5 Rg6 64. Ba7+ Kc8 65.
Nb6# 1-0

[Event "4NCL Division 1b"]
[Site "Daventry, ENG"]
[Date "2020.03.01"]
[Round "2.63"]
[White "Fodor, Tamas Jr."]
[Black "Fitzsimons, David"]
[Result "1/2-1/2"]
[WhiteElo "2518"]
[BlackElo "2328"]
[PlyCount "55"]
[EventDate "2020.03.01"]
[WhiteTeam "Cheddleton"]
[BlackTeam "Wood Green Monarchs"]

1. d4 Nf6 2. Nf3 d5 3. c4 e6 4. Nc3 c5 5. cxd5 Nxd5 6. e4 Nxc3 7. bxc3 cxd4 8.
cxd4 Bb4+ 9. Bd2 Bxd2+ 10. Qxd2 O-O 11. Bc4 Nd7 12. O-O b6 13. Rad1 Bb7 14.
Rfe1 Rc8 15. Bb3 Nf6 16. Qf4 Qc7 17. Qh4 h6 18. Rd3 Rfd8 19. Nd2 Qe7 20. h3 Nd5
21. Qxe7 Nxe7 22. Nf3 Nc6 23. d5 exd5 24. exd5 Na5 25. d6 Nxb3 26. axb3 Bxf3
27. d7 Rb8 28. gxf3 1/2-1/2

[Event "4NCL Division 1b"]
[Site "Daventry, ENG"]
[Date "2020.03.01"]
[Round "2.64"]
[White "York-Weaving, Richard"]
[Black "Astaneh Lopez, Alex"]
[Result "1-0"]
[WhiteElo "2339"]
[BlackElo "2441"]
[PlyCount "61"]
[EventDate "2020.03.01"]
[WhiteTeam "Wood Green Monarchs"]
[BlackTeam "Cheddleton"]

1. e4 e5 2. Nf3 Nc6 3. Bb5 Nf6 4. Qe2 Bd6 5. c3 O-O 6. O-O Re8 7. d3 a6 8. Ba4
b5 9. Bc2 Bf8 10. a4 Bb7 11. Bg5 h6 12. Bh4 g5 13. Bg3 Nh5 14. Nbd2 Bg7 15.
Rfe1 d6 16. Nf1 Rb8 17. Ne3 Ne7 18. axb5 axb5 19. d4 Nf4 20. Qf1 f5 21. exf5
Bxf3 22. gxf3 exd4 23. Bxf4 dxe3 24. Bxe3 Kh8 25. f6 Bxf6 26. Qd3 Kg7 27. Qh7+
Kf8 28. Bb3 d5 29. Bc5 Qd7 30. Bc2 Qc6 31. Bg6 1-0

[Event "4NCL Division 1b"]
[Site "Daventry, ENG"]
[Date "2020.03.01"]
[Round "2.65"]
[White "Williams, Simon K"]
[Black "Toma, Katarzyna"]
[Result "1/2-1/2"]
[WhiteElo "2473"]
[BlackElo "2293"]
[PlyCount "90"]
[EventDate "2020.03.01"]
[WhiteTeam "Cheddleton"]
[BlackTeam "Wood Green Monarchs"]

1. d4 Nf6 2. Bf4 g6 3. Nc3 Bg7 4. e4 d6 5. Qd2 c6 6. f3 Qa5 7. Bh6 Bxh6 8. Qxh6
Nbd7 9. O-O-O Nb6 10. h4 Be6 11. Qg5 d5 12. e5 h6 13. Qd2 Nfd7 14. Kb1 O-O-O
15. Ne4 Qa4 16. b3 Qa3 17. Nc3 Kb8 18. Ka1 Qa5 19. Nce2 Qxd2 20. Rxd2 g5 21.
Ng3 c5 22. c3 cxd4 23. cxd4 Ka8 24. Bd3 Nb8 25. N1e2 Nc6 26. Rdd1 Rc8 27. Kb2
Nd7 28. Nh5 Nf8 29. g4 Ng6 30. hxg5 hxg5 31. Bxg6 fxg6 32. Ng7 Bf7 33. e6 Rhg8
34. Rh7 Be8 35. a3 Kb8 36. f4 gxf4 37. Nxf4 g5 38. Nxe8 Rgxe8 39. Ng6 Kc7 40.
Ne5 Kd6 41. Nf7+ Kxe6 42. Nxg5+ Kd7 43. Nf7 Rg8 44. g5 Rcf8 45. Kc3 Ke8 1/2-1/2

[Event "4NCL Division 1b"]
[Site "Daventry, ENG"]
[Date "2020.03.01"]
[Round "2.66"]
[White "Sygnowski, Tomasz"]
[Black "Eggleston, David J"]
[Result "0-1"]
[WhiteElo "2327"]
[BlackElo "2383"]
[PlyCount "48"]
[EventDate "2020.03.01"]
[WhiteTeam "Wood Green Monarchs"]
[BlackTeam "Cheddleton"]

1. e4 c5 2. Nf3 d6 3. d4 Nf6 4. Nc3 cxd4 5. Nxd4 a6 6. a4 g6 7. Bc4 Bg7 8. f3
O-O 9. Be3 e6 10. a5 d5 11. exd5 exd5 12. Bb3 Re8 13. Kf2 Qd6 14. Qd2 Nc6 15.
Nce2 Ne5 16. Bf4 Qc5 17. Ra4 Bd7 18. Ra3 Bb5 19. Re1 Bxe2 20. Rxe2 Nc6 21. c3
Rxe2+ 22. Qxe2 Nxd4 23. cxd4 Qxd4+ 24. Qe3 Qxb2+ 0-1

[Event "4NCL Division 1b"]
[Site "Daventry, ENG"]
[Date "2020.03.01"]
[Round "2.67"]
[White "Kirk, Ezra"]
[Black "Stepanyan, Henrik"]
[Result "1-0"]
[WhiteElo "2430"]
[BlackElo "2237"]
[PlyCount "103"]
[EventDate "2020.03.01"]
[WhiteTeam "Cheddleton"]
[BlackTeam "Wood Green Monarchs"]

1. e4 e5 2. Nf3 Nc6 3. Bc4 Nf6 4. d3 d5 5. exd5 Nxd5 6. O-O Bg4 7. Nbd2 Be7 8.
h3 Bh5 9. Re1 O-O 10. c3 Kh8 11. Nf1 f5 12. Ng3 Bg6 13. a4 a5 14. Qb3 Nb6 15.
Bb5 Bf6 16. Bxc6 bxc6 17. d4 e4 18. Ne5 Bxe5 19. dxe5 Qd5 20. Qxd5 cxd5 21. f4
Rfb8 22. Ne2 c5 23. Be3 Nc4 24. Bxc5 Nxb2 25. Reb1 Be8 26. Bd6 Rb6 27. Nd4 Nxa4
28. Rxb6 Nxb6 29. Nxf5 Na4 30. e6 Nxc3 31. Be5 Nb5 32. Bxg7+ Kg8 33. Bf6 Bg6
34. Nh6+ Kf8 35. f5 Bxf5 36. Nxf5 Nc7 37. e7+ Kf7 38. Be5 Ne8 39. g4 Ke6 40.
Bc3 a4 41. Kf2 h5 42. Ra3 hxg4 43. hxg4 Nc7 44. Bb4 Kf7 45. Rh3 d4 46. Nxd4 Kg6
47. Nf5 Kg5 48. Nd6 Kxg4 49. Rc3 Nd5 50. Rg3+ Kh4 51. Nf5+ Kh5 52. Bd2 1-0

[Event "4NCL Division 1b"]
[Site "Daventry, ENG"]
[Date "2020.03.01"]
[Round "2.68"]
[White "Jaufarally, Nadia"]
[Black "Steil-Antoni, Fiona"]
[Result "0-1"]
[WhiteElo "2065"]
[BlackElo "2121"]
[PlyCount "70"]
[EventDate "2020.03.01"]
[WhiteTeam "Wood Green Monarchs"]
[BlackTeam "Cheddleton"]

1. e4 c6 2. d4 d5 3. Nc3 dxe4 4. Nxe4 Nf6 5. Nxf6+ exf6 6. Nf3 Bd6 7. Bd3 O-O
8. O-O Re8 9. c3 Nd7 10. Nd2 Nf8 11. Ne4 Bc7 12. Qf3 Ng6 13. Bd2 Be6 14. a3 Qd5
15. Rae1 Nh4 16. Qe2 f5 17. c4 Qxd4 18. Bc3 Qd8 19. Ng3 Qg5 20. f4 Qg6 21. Qh5
Qxh5 22. Nxh5 f6 23. Re2 Rad8 24. Rd1 Kf7 25. Kf2 Kg6 26. Ng3 Kf7 27. Nf1 Bb6+
28. Ne3 g5 29. g3 Ng6 30. fxg5 fxg5 31. Kg2 f4 32. Bxg6+ hxg6 33. Rxd8 Rxd8 34.
Nf1 Bxc4 35. Rc2 Rd1 0-1

[Event "4NCL Division 1b"]
[Site "Daventry, ENG"]
[Date "2020.03.01"]
[Round "2.71"]
[White "Collins, Sam E."]
[Black "Suarez Real, Alberto"]
[Result "1-0"]
[WhiteElo "2450"]
[BlackElo "2454"]
[PlyCount "55"]
[EventDate "2020.03.01"]
[WhiteTeam "Gonzaga"]
[BlackTeam "Guildford 2"]

1. e4 c5 2. Nf3 Nc6 3. c3 Nf6 4. e5 Nd5 5. Bc4 e6 6. O-O d6 7. d4 cxd4 8. cxd4
Be7 9. Qe2 O-O 10. Nc3 Nxc3 11. bxc3 dxe5 12. dxe5 Qa5 13. Bd2 Rd8 14. a4 Bd7
15. h4 Qc7 16. Bd3 Be8 17. Rfe1 Na5 18. Nd4 Bc6 19. Qg4 Rd5 20. Bh6 Bf8 21. Re3
Kh8 22. Rae1 Rad8 23. Rg3 g6 24. Bg5 Bxa4 25. Bf6+ Kg8 26. Bxg6 hxg6 27. Nxe6
Qd7 28. Qh5 1-0

[Event "4NCL Division 1b"]
[Site "Daventry, ENG"]
[Date "2020.03.01"]
[Round "2.72"]
[White "Zhou, Yang-Fan"]
[Black "Kanyamarala, Tarun"]
[Result "0-1"]
[WhiteElo "2442"]
[BlackElo "2349"]
[PlyCount "86"]
[EventDate "2020.03.01"]
[WhiteTeam "Guildford 2"]
[BlackTeam "Gonzaga"]

1. e4 c5 2. Nf3 Nc6 3. Bb5 g6 4. Bxc6 dxc6 5. d3 Bg7 6. h3 Qc7 7. a4 a5 8. O-O
e5 9. Be3 b6 10. Na3 Ne7 11. Nc4 Be6 12. Nfd2 O-O 13. f4 exf4 14. Bxf4 Qd8 15.
Kh1 h6 16. Qf3 b5 17. Ne5 c4 18. Qe3 cxd3 19. cxd3 g5 20. Bh2 f6 21. Nef3 f5
22. Qc5 Qd7 23. Ne5 Bxe5 24. Bxe5 Ng6 25. Rac1 Rad8 26. d4 Nxe5 27. Qxe5 Rde8
28. Qc5 fxe4 29. Nxe4 Bd5 30. Qd6 Qxd6 31. Nxd6 Rxf1+ 32. Rxf1 Re2 33. Rc1 Rxg2
34. Rc5 Rxb2+ 35. Kg1 bxa4 36. Rxa5 Ra2 37. Nf5 Kh7 38. Ne7 Bf3 39. Ra7 Kh8 40.
Ra6 a3 41. Ng6+ Kg7 42. Ne5 Rg2+ 43. Kh1 Bd5 0-1

[Event "4NCL Division 1b"]
[Site "Daventry, ENG"]
[Date "2020.03.01"]
[Round "2.73"]
[White "Wall, Gavin"]
[Black "Kilpatrick, Callum"]
[Result "1/2-1/2"]
[WhiteElo "2324"]
[BlackElo "2363"]
[PlyCount "93"]
[EventDate "2020.03.01"]
[WhiteTeam "Gonzaga"]
[BlackTeam "Guildford 2"]

1. Nf3 Nf6 2. g3 g6 3. Bg2 Bg7 4. O-O O-O 5. c4 d6 6. Nc3 e5 7. d4 Nbd7 8. b3
Re8 9. Qc2 a6 10. dxe5 Nxe5 11. Nxe5 Rxe5 12. Bf4 Rh5 13. Rad1 Bh3 14. Bxh3
Rxh3 15. c5 Qc8 16. cxd6 cxd6 17. Qd3 Rh5 18. f3 Qh3 19. g4 Ra5 20. a4 Rc5 21.
Bxd6 Nxg4 22. Ne4 Ne5 23. Bxe5 Rxe5 24. Qd7 Qh4 25. Qxb7 Rae8 26. Rd7 Rh5 27.
Rf2 Qf4 28. Qb6 Be5 29. e3 Qh4 30. f4 Qg4+ 31. Ng3 Qxd7 32. Nxh5 Qd1+ 33. Kg2
gxh5 34. fxe5 Re6 35. Qd4 Rg6+ 36. Kh3 Qxb3 37. Rf6 Rg4 38. Rf4 Rg6 39. Rf6 Qc2
40. Qd8+ Kg7 41. Rxf7+ Kxf7 42. Qd7+ Kf8 43. Qd8+ Kg7 44. Qe7+ Kg8 45. Qe8+ Kg7
46. Qe7+ Kg8 47. Qe8+ 1/2-1/2

[Event "4NCL Division 1b"]
[Site "Daventry, ENG"]
[Date "2020.03.01"]
[Round "2.74"]
[White "Ciuksyte, Dagne"]
[Black "Hajbok, Robert"]
[Result "0-1"]
[WhiteElo "2292"]
[BlackElo "2353"]
[PlyCount "60"]
[EventDate "2020.03.01"]
[WhiteTeam "Guildford 2"]
[BlackTeam "Gonzaga"]

1. e4 c5 2. Nf3 d6 3. d4 cxd4 4. Nxd4 Nf6 5. Nc3 Nc6 6. Bc4 Qb6 7. Nb3 e6 8.
O-O a6 9. a4 Be7 10. a5 Qc7 11. f4 Nb4 12. Be2 b5 13. axb6 Qxb6+ 14. Kh1 O-O
15. Bf3 e5 16. fxe5 dxe5 17. Nd5 Nfxd5 18. exd5 Bf5 19. d6 Bxc2 20. dxe7 Bxd1
21. exf8=Q+ Rxf8 22. Bxd1 Nd3 23. Bd2 Nf2+ 24. Rxf2 Qxf2 25. Bf3 Rb8 26. Rc1 h6
27. Be4 g5 28. Bc3 Rxb3 29. Bxe5 Kf8 30. h3 Qd2 0-1

[Event "4NCL Division 1b"]
[Site "Daventry, ENG"]
[Date "2020.03.01"]
[Round "2.75"]
[White "Kanyamarala, Trisha"]
[Black "Golding, Alex"]
[Result "0-1"]
[WhiteElo "2299"]
[BlackElo "2306"]
[PlyCount "138"]
[EventDate "2020.03.01"]
[WhiteTeam "Gonzaga"]
[BlackTeam "Guildford 2"]

1. d4 d6 2. c4 e5 3. Nc3 exd4 4. Qxd4 Nc6 5. Qd2 g6 6. g3 Bg7 7. Bg2 Be6 8. b3
Nf6 9. Bb2 O-O 10. e4 Nd7 11. Nge2 Nc5 12. O-O Qd7 13. Nd5 f5 14. Nef4 Bxd5 15.
exd5 Ne5 16. Ne6 Nxe6 17. dxe6 Qe7 18. Bxb7 Rab8 19. Qd5 c5 20. Bc6 Nxc6 21.
Bxg7 Kxg7 22. Qxc6 Rbc8 23. Qd5 f4 24. Rad1 Rcd8 25. Rfe1 Rf5 26. Qd3 Rf6 27.
Qd5 Rf5 28. Qf3 fxg3 29. Qc3+ Qf6 30. Qxf6+ Kxf6 31. fxg3 Ke7 32. Rd2 Rf6 33.
Rde2 g5 34. Re4 h5 35. h3 Rdf8 36. R4e2 Rf3 37. Kg2 R8f6 38. Rd1 h4 39. gxh4
gxh4 40. Rd5 Rg3+ 41. Kh2 Rff3 42. Rh5 Rxh3+ 43. Kg2 Rfg3+ 44. Kf2 Rh2+ 45. Ke1
Rxe2+ 46. Kxe2 h3 47. Rh7+ Kxe6 48. Rxa7 h2 49. Rh7 Rg2+ 50. Ke3 Rxa2 51. Ke4
Kf6 52. Kf4 Rf2+ 53. Kg3 Rb2 54. Kf4 Rxb3 55. Rxh2 Rc3 56. Rh6+ Ke7 57. Kf5
Rxc4 58. Rh7+ Kd8 59. Ke6 Rd4 60. Ra7 c4 61. Rd7+ Kc8 62. Rh7 Kb8 63. Rf7 c3
64. Rf3 c2 65. Rc3 Rd2 66. Kf5 d5 67. Kf4 d4 68. Rc4 d3 69. Ke3 Rd1 0-1

[Event "4NCL Division 1b"]
[Site "Daventry, ENG"]
[Date "2020.03.01"]
[Round "2.81"]
[White "Gormally, Daniel W"]
[Black "Sowray, Peter J"]
[Result "1-0"]
[WhiteElo "2483"]
[BlackElo "2285"]
[PlyCount "51"]
[EventDate "2020.03.01"]
[WhiteTeam "Blackthorne Russia"]
[BlackTeam "Barbican 4NCL 2"]

1. d4 d5 2. Nf3 Nf6 3. c4 e6 4. g3 dxc4 5. Bg2 a6 6. O-O Nc6 7. Bg5 Be7 8. e3
O-O 9. Nbd2 e5 10. Nxc4 exd4 11. Nxd4 Nxd4 12. exd4 h6 13. Bf4 Nd5 14. Bd2 Be6
15. Re1 Rc8 16. Rxe6 fxe6 17. Bh3 Rf6 18. Qe2 Rb8 19. Bxe6+ Kf8 20. Qg4 Bb4 21.
Bxb4+ Nxb4 22. Ne5 h5 23. Qxh5 Ke7 24. d5 Nxd5 25. Bxd5 Qxd5 26. Ng6+ 1-0

[Event "4NCL Division 1b"]
[Site "Daventry, ENG"]
[Date "2020.03.01"]
[Round "2.83"]
[White "Ledger, Andrew J"]
[Black "Navarro Cia, Miguel"]
[Result "1/2-1/2"]
[WhiteElo "2344"]
[BlackElo "2259"]
[PlyCount "41"]
[EventDate "2020.03.01"]
[WhiteTeam "Blackthorne Russia"]
[BlackTeam "Barbican 4NCL 2"]

1. e4 Nf6 2. e5 Nd5 3. d4 d6 4. Nf3 g6 5. Bc4 Nb6 6. Bb3 Bg7 7. Ng5 e6 8. f4
dxe5 9. dxe5 Qxd1+ 10. Kxd1 Bd7 11. Nc3 Bc6 12. Nge4 N8d7 13. Ke2 Nd5 14. Nxd5
Bxd5 15. Bxd5 exd5 16. Ng5 O-O 17. Rd1 c6 18. Bd2 Rfe8 19. Kf1 f6 20. exf6 Bxf6
21. h4 1/2-1/2

[Event "4NCL Division 1b"]
[Site "Daventry, ENG"]
[Date "2020.03.01"]
[Round "2.84"]
[White "O'Toole, George E"]
[Black "Webb, Laurence E"]
[Result "1-0"]
[WhiteElo "2252"]
[BlackElo "2287"]
[PlyCount "111"]
[EventDate "2020.03.01"]
[WhiteTeam "Barbican 4NCL 2"]
[BlackTeam "Blackthorne Russia"]

1. c4 e5 2. g3 Nf6 3. Bg2 c6 4. Nc3 Bb4 5. e4 O-O 6. Nge2 d6 7. a3 Bxc3 8. Nxc3
c5 9. d3 Nc6 10. O-O Nd4 11. b4 b6 12. h3 Nd7 13. f4 cxb4 14. axb4 a5 15. Be3
Bb7 16. Bxd4 exd4 17. Nb5 axb4 18. Nxd4 Nc5 19. Rb1 Ra3 20. Rf3 Na4 21. Rxb4
Nc3 22. Qc2 Qc7 23. Nb3 Na2 24. Qb2 Rfa8 25. Rb5 Bc6 26. Nd4 Nc3 27. Nxc6 Qxc6
28. Rxb6 Qc5+ 29. Kh2 h5 30. Rb8+ Rxb8 31. Qxb8+ Kh7 32. Qb2 Na4 33. d4 Nxb2
34. dxc5 Rxf3 35. Bxf3 dxc5 36. Bxh5 Nxc4 37. Bxf7 Nd2 38. e5 g6 39. Be8 Kg7
40. Kg2 c4 41. Kf2 c3 42. Ba4 Ne4+ 43. Kf3 Nc5 44. Bc2 Na6 45. Ke2 Nb4 46. Be4
Na6 47. f5 gxf5 48. Bxf5 Nb4 49. g4 Nc6 50. e6 Nd4+ 51. Kd1 Kf6 52. h4 Nf3 53.
h5 Nd4 54. h6 c2+ 55. Kc1 Nc6 56. g5+ 1-0